000 01637nam a22003857a 4500
001 16264939
003 OSt
005 20210426065623.0
008 100603s2011 maua b 001 0 eng
010 _a 2010022988
015 _aGBB093085
_2bnb
016 7 _a015619102
_2Uk
020 _a9781422136515 (hbk. : alk. paper)
020 _a1422136515 (hbk. : alk. paper)
035 _a(OCoLC)ocn457150903
040 _aDLC
_cDLC
_dYDX
_dBTCTA
_dYDXCP
_dORX
_dCDX
_dBWX
_dUKM
_dSINLB
_dDLC
050 0 0 _aHD30.28
_b.L4493 2011
080 _a65
_bL-51
082 0 0 _a658.4/012
_222
100 1 _aLeinwand, Paul.
245 1 4 _aThe essential advantage :
_bhow to win with a capabilities-driven strategy /
_cPaul Leinwand, Cesare Mainardi.
260 _aBoston, Mass. :
_bHarvard Business Review Press,
_cc2011.
300 _axii, 227 p. :
_bill. ;
_c24 cm.
365 _a29.95 USD
504 _aIncludes bibliographical references and index.
505 0 _aThe essence of advantage -- The coherence premium -- The capabilities-driven strategy -- The way to play -- The capabilities system -- Product and service fit -- Unlocking growth -- Mergers and acquisitions -- Cut costs and grow stronger -- The essential advantage road map -- Organizing for coherence -- The capable leader.
650 0 _aStrategic planning.
650 0 _aManagement.
650 0 _aOrganizational effectiveness.
653 _aბიზნესი
700 1 _aMainardi, Cesare.
906 _a7
_bcbc
_corignew
_d1
_eecip
_f20
_gy-gencatlg
942 _2udc
_cBK
999 _c1432
_d1432